Countries that Censor the Internet - Statistics

General Stats
  • This quiz has been taken 45 times
  • The average score is 5 of 10
Answer Stats
Answer % Correct
China
98%
Russia
84%
Iran
67%
Saudi Arabia
60%
Cuba
49%
Egypt
44%
Pakistan
44%
Myanmar
40%
Vietnam
37%
Ethiopia
14%
No matching quizzes found
Score Distribution
Percent of People with Each Score
Percentile by Number Answered
Your Score History
You have not taken this quiz